The Weeknd: Thursday Trivia - Statistics

General Stats
  • This quiz has been taken 48 times
  • The average score is 8 of 10
Answer Stats
Hint Answer % Correct
Song split into 2 parts The Birds
95%
1st song on album Lonely Star
89%
2nd song on album Life of the Party
87%
Number of tracks (excluding Trilogy bonus track). Nine
87%
Trilogy bonus track Valerie
84%
Longest song on album Gone
82%
Final song on album (excluding Trilogy bonus track). Heaven or Las Vegas
79%
Most streamed song on album The Zone
74%
"It seems like pain and ___ are your best friends." Regret
71%
"Got me on this ___ ___, so I take another hit." Rolling Stone
68%
No matching quizzes found
Score Distribution
Percent of People with Each Score
Percentile by Number Answered
Your Score History
You have not taken this quiz